Have healthy teeth and gums

Bibliographic Details
Main Author: Pichel, Mervyn
Format: Book
Published: United Kingdom : Javelin Book , 1986
Subjects:

MARC

LEADER 00000cam a2200000 7i4500
001 0000005767
002 000006234
005 20000330.0
020 |a 071371431X 
090 0 0 |a 617.601   |b PIC 
100 1 |a Pichel, Mervyn 
245 1 0 |a Have healthy teeth and gums   |c Mervyn Pichel 
260 |a United Kingdom :   |b Javelin Book ,   |c 1986 
300 |a 128p. ;   |c 19cm. 
650 0 0 |a Teeth   |x Care and hygiene 
999 |a 037746   |b BUKU   |c PINJAMAN   |e PERPUSTAKAAN KOMUNITI PETALING JAYA